000 00666nam a22002777a 4500
003 OSt
005 20140310184257.0
008 121109t xxu||||| |||| 00| 0 eng d
020 _a0439696526
050 _aPZ 7
_b.B967 2004
100 _aBurns, Joaquin.
_922911
245 _aDriven /
_cJoaquin Burns.
260 _aNew York :
_bScholastic Inc.,
_c2004
300 _a40 p. :
_bill. ;
_c20 cm.
521 _aG1
526 _c270
650 _aJuvenile
_xFiction
_922912
942 _2lcc
_cBK-SCHOLAS
999 _c33421
_d33421